| 000 | 00684nam a22001937a 4500 | ||
|---|---|---|---|
| 005 | 20140623150411.0 | ||
| 010 | _aENG-110343 | ||
| 020 |
_a9780198096177 _c795.00 |
||
| 035 | _aEN-93875 | ||
| 037 | _bDBAD/PUB | ||
| 100 | _aMukherji, Rahul | ||
| 245 |
_aGlobalization and deregulation: _cby Rahul Mukherji _bideas, interests, and institutional change in India/ |
||
| 260 |
_aNew Delhi _bOxford University Press _c2014 |
||
| 270 |
_aYMCA Library Building, 1 Jai Singh Road _bNew Delhi _e110001 |
||
| 300 |
_axvi,227p. _c23cm(Hb) |
||
| 490 | _aThe oxford international relations in south Asia series | ||
| 500 | _aIncludes bibliographical references and index | ||
| 942 |
_2ddc _cEN _mMUK |
||
| 999 |
_c85148 _d85148 |
||